Star Wars A-Z Hard - Statistics

General Stats
  • This quiz has been taken 9 times
  • The average score is 11 of 26
Answer Stats
Letter Clue Answer % Correct
P Jedi who betrayed the Clones on Umbara Pong Krell
83%
X Sith Planet in Rise of Skywalker...this answer starts with E. X is the second letter Exegol
67%
G Orson Krennic's Line " Are we blind ? Deploy the ________!!!" Garrison
67%
O Snake like Jedi Master Oppo Rancissis
67%
Q Species native to Mon Cala....not Mon Calamari Quarren
67%
V Last name of Crimson Dawn leader Dryden ___ Vos
67%
Y Anakin's Admiral during the Clone Wars. Wulff _______ Yularen
67%
E Imperial planet where Galen Erso died Eadu
50%
F Planet home to Hondo Ohnakah Florrum
50%
I Leader of Inferno Squad. Battlefront 2 Iden Versio
50%
M Speaker of the Senate. Served next to Palpatine Mas Amedda
50%
T Ahsoka Tano's Species Togruta
50%
U Scavenger that offers 60 portions for BB-8 Unkar Plutt
50%
W Hondo Ohnaka's species Weequay
50%
C Man who wore Boba Fett's armor. Aka The Marshall Cobb Vanth
33%
H Ryloth Freedom fighter Cham Syndulla's daughter Hera
33%
K Separatist Tactical Droid who was leader at the siege of Onderon and later appeared in Rebels. Kalani
33%
A Planet where the Rebel's Chopper Base is located Atollon
17%
B Last name of Senators Mina and Lux Bontari
17%
D Holographic game played on the Millennium Falcon Dejarik
17%
L Man that had the map to Luke Skywalker Lor San Tekka
17%
N Jedi Master Ima-Gun Di's species Nikto
17%
R Right Hand man of Grand Admiral Thrawn Rukh
17%
Z Young Jedi killed by Clones in front of Bail Organa Zett Jukassa
17%
J Rebel pilot who had a " Great Shot" according to Wedge Antilles Jansen
0%
S Jedi who went to arrest Palpatine with Windu. He died....very easily Saesee Tinn
0%
No matching quizzes found
Score Distribution
Percent of People with Each Score
Percentile by Number Answered
Your Score History
You have not taken this quiz